Vergangene Zukünfte: Prophezeiungen aus den Anfangsjahren des Dreißigjährigen Krieges
| Titel: | Vergangene Zukünfte: Prophezeiungen aus den Anfangsjahren des Dreißigjährigen Krieges / Michael Schilling |
|---|---|
| Verfasser: | |
| In: |
Daphnis, Band 47, Heft 1-2 (2019), Seite 68-84 alle Artikel anzeigen |
| Veröffentlicht: | 2019 |
| Format: | Aufsatz |
| Sprache: | Deutsch |
X
alg: 52220064
001A $03025:14-10-24
001B $01999:14-10-24 $t22:46:01.000
001D $03025:14-10-24
001U $0utf8
001X $00
002@ $0Oou
002C $aText $btxt $2rdacontent
002D $aComputermedien $bc $2rdamedia
002E $aOnline-Ressource $bcr $2rdacarrier
003@ $0522200648
007A $0522200648 $aHEB
009Q $uhttps://doi.org/10.1163/18796583-04701004 $xVolltext
010@ $ager
010E $erda
011@ $a2019
021A $aVergangene Zukünfte: Prophezeiungen aus den Anfangsjahren des Dreißigjährigen Krieges $hMichael Schilling
028A $BVerfasser $4aut $71015049672 $8Schilling, Michael$Z1949- [Tp1] $9274408635
031A $d47 $e1-2 $h68-84 $j2019
039B $aEnthalten in $8--Obvc--. Daphnis. - Leiden {[u.a.] : Brill Rodopi, 1978-. - Online-Ressource. - ISSN 1879-6583 $x201900000470001932 $9079276997
044K $RKrieg $#Thirty Years' War, 1618-1648 $#Guerre de Trente Ans (1618-1648) $#Guerra dei trent'anni <1618-1648> $#Guerra de los Treinta Años, 1618-1648 $#Dreißigjähriger Krieg $74012985-8 $8Dreißigjähriger Krieg [Ts1] $908502841X
044K $RWahrsagen $RWeissagung $#Prophecy $#Prophecies $#Prophétie $#Prophéties $#Profecía $#Profecías $#Prophetie $#Prophezeiung Prophetie $74047487-2 $8Prophetie [Ts1] $9085132411
044K $RBuch $RSchriftsteller $#Literature $#Littérature $#Letteratura $#Literatura $#literature $#Literature $#Literatur $#Literatur $#Belletristik $#Dichtung Literatur $#Schöne Literatur $#Sprachkunst $#Wortkunst $74035964-5 $8Literatur [Tsz] $9085097128
045F $a070.9 $eDDC23BSB
045F/01 $a070.9
045F/03 $f09032
045F/03 $g43
045R $aGeschichte 1614-1648
045T $a7,20
045T $aAVL $qDE-30 $2FID
045T $aGER $qDE-30 $2FID
lok: 52220064 78
exp: 52220064 78 1 #EPN
201B/01 $014-10-24 $t13:44:51.000
201C/01 $014-10-24
201U/01 $0utf8
203@/01 $01277955859
208@/01 $a14-10-24 $be
209A/01 $a/ $f000 $x00
209A/01 $ab*p $x01
209A/01 $aEnglische Zusammenfassung, S. 68: Futures Past. Prophecies from the Initial Years of the Thirty Years War $x03
220C/01 $apgar
244Z/01 $#Böhmische Kronländer $#Länder der Böhmischen Krone $#Sudetenland $#Böhmen $#Mähren $#Mährisch-Schlesien $#Österreichisch-Schlesien $#Tschechische Sozialistische Republik Böhmische Länder $#Tschechei Böhmische Länder $#Země koruny české $74069573-6 $8--Tg1--Böhmische Länder $x03 $9085195553
247C/01 $82080>Marburg/Lahn, Herder-Institut, Forschungsbibliothek, Bibliographieportal $9336309341
| LEADER | 00000caa a2200000 c 4500 | ||
|---|---|---|---|
| 001 | 522200648 | ||
| 003 | DE-603 | ||
| 005 | 20241014224601.0 | ||
| 007 | cr|||||||||||| | ||
| 008 | 241014s2019 xx |||| o| u00||u|ger c | ||
| 035 | |a (DE-599)HEB522200648 | ||
| 040 | |a DE-603 |b ger |c DE-603 |d DE-603 |e rda | ||
| 041 | |a ger | ||
| 082 | 0 | 4 | |8 1\u |a 070.9 |q DE-101 |2 23/BSB |
| 084 | |a 7,20 |2 ssgn | ||
| 084 | |a AVL |q DE-30 |2 fid | ||
| 084 | |a GER |q DE-30 |2 fid | ||
| 085 | |8 1\u |b 070.9 | ||
| 085 | |8 1\u |z 1 |s 09032 | ||
| 085 | |8 1\u |z 2 |s 43 | ||
| 100 | 1 | |a Schilling, Michael |d 1949- |e Verfasser |4 aut |0 (DE-603)274408635 |0 (DE-588)1015049672 |2 gnd | |
| 245 | 0 | 0 | |a Vergangene Zukünfte: Prophezeiungen aus den Anfangsjahren des Dreißigjährigen Krieges |c Michael Schilling |
| 264 | 0 | |c 2019 | |
| 336 | |a Text |b txt |2 rdacontent | ||
| 337 | |a Computermedien |b c |2 rdamedia | ||
| 338 | |a Online-Ressource |b cr |2 rdacarrier | ||
| 648 | 7 | |a Geschichte 1614-1648 |2 gnd | |
| 650 | 7 | |a Dreißigjähriger Krieg |0 (DE-588)4012985-8 |0 (DE-603)08502841X |2 gnd | |
| 650 | 7 | |a Prophetie |0 (DE-588)4047487-2 |0 (DE-603)085132411 |2 gnd | |
| 650 | 7 | |a Literatur |0 (DE-588)4035964-5 |0 (DE-603)085097128 |2 gnd | |
| 773 | 0 | 8 | |i Enthalten in |t Daphnis |d Leiden [u.a.] : Brill Rodopi, 1978- |h Online-Ressource |x 1879-6583 |g Band 47, Heft 1-2 (2019), Seite 68-84 |w (DE-603)079276997 |w (DE-600)1481780-9 |
| 856 | |u https://doi.org/10.1163/18796583-04701004 | ||
| 924 | 1 | |9 2080 |a (DE-603)1277955859 |b DE-2080 |c HES |d d |g / | |


